Somewhere in Neverland - All Time Low - Statistics

General Stats
  • This quiz has been taken 181 times
  • The average score is 236 of 277
Answer Stats
Hint Answer % Correct
i
100%
I
100%
me
99%
me?
99%
me,
99%
a
98%
so
98%
we
96%
you
96%
the
95%
with
95%
and
94%
be
94%
in
94%
to
94%
do
93%
don't
93%
Say
93%
say
93%
away
92%
go
92%
your
92%
run
91%
| chorus wendy
91%
Wendy
91%
taxes
89%
wanna
89%
boy
88%
boy,
88%
goodbye
88%
know
88%
lost
88%
better
87%
better"
87%
chance,
87%
chance
87%
classes
87%
crazy
87%
get
87%
hello
87%
job
87%
last
87%
neverland
87%
neverland)
87%
somewhere
87%
(somewhere
87%
what
87%
can
86%
friends
86%
sound
86%
halls
84%
way
84%
we'll
84%
how
83%
see
83%
weekends
83%
"forever
82%
forever
82%
old
82%
young"
82%
young
82%
reality
81%
word
81%
5
80%
9
80%
here
80%
it
80%
could
79%
no
79%
that
79%
about
78%
parents
78%
routine
78%
wine
78%
feel
77%
talk
77%
them
77%
again
76%
find
76%
their
76%
life
75%
make
75%
oh,
75%
oh
75%
start
75%
teeth
75%
tell
75%
"everything
74%
everything
74%
over
74%
plan
74%
same
74%
as
73%
done
73%
stains
73%
you're
73%
if
72%
is
72%
laughing
72%
our
72%
like
71%
mistakes
71%
sing
71%
compass
70%
into
70%
map
70%
promise
70%
wishin'
70%
along
69%
want
69%
simple
67%
it's
66%
out
65%
separated
65%
all
64%
drinkin'
64%
guide
64%
much
64%
plain
64%
too
64%
bar
63%
at
62%
people
62%
far
61%
spilling
59%
of
57%
trying
56%
great
54%
I'll
53%
times
51%
stickin'
49%
No matching quizzes found
Score Distribution
Percent of People with Each Score
Percentile by Number Answered
Your Score History
You have not taken this quiz